000 00762nam a2200241Ia 4500
003 OSt
005 20220923220625.0
006 a|||||r|||| 00| 0
007 ta
008 220922b |||||||| |||| 00| 0 hin d
024 _a188,030
037 _cTextual
040 _aARTS
_cARTS
_bhin
041 _2hin
_ahin
082 _aV255'N, 152J3
100 _aद्विवेदी, हरिहरनिवास
245 0 _aत्रिपुरी
246 _aTripurī
260 _aमध्यभारत
_b विद्यामन्दिर प्रकाशन
_c1953
300 _a83 पृ.
_ccm.
942 _hV255'N, 152J3
_cTEXL
_2CC
999 _c341106
_d341106